00508nam a2200169 450000500170000001000150001702000260003203500140005803700090007208200060008110000310008724500920011825000100021026000340022027000640025430000200031820241028151122.0 aENG-142509 c999.00a9789393734877 aEN-126041 bDBAD aS aSharmirajan, Sridevi K. J. a200 Zen Stories:bCultivating Positivity and Inner Peace/cby Sridevi K. J. Sharmirajan aFirst bExceller BooksaKolkatac2023 aG1, Dream Apartment, Degree College RoadbBelghariae700056 a581p.c22cm(pb)